| 000 | 00462nam a2200169Ia 4500 | ||
|---|---|---|---|
| 008 | 241115s9999 xx 000 0 und d | ||
| 020 | _a978-0-495-50279-1 | ||
| 082 | _a174.962 HAR | ||
| 100 | _aHarris, Charles E. | ||
| 245 | 0 | _aEngineering Ethics: concepts & cases | |
| 250 | _a4th ed. | ||
| 260 |
_aAustralia: _bWadsworth Cengage Learning, _c2009 |
||
| 300 | _axvi,313p. | ||
| 600 | _aHumanities & Natural Science | ||
| 650 | _aPsychology | ||
| 942 | _cBBD | ||
| 999 |
_c26476 _d26476 |
||